Utopia gay /

সংরক্ষণ করুন:
গ্রন্থ-পঞ্জীর বিবরন
প্রধান লেখক: Calva, José Rafael (লেখক)
বিন্যাস: গ্রন্থ
ভাষা:স্প্যানিশ
প্রকাশিত: Oaxaca [Mexico] : Oasis, 1984
মালা:Lecturas del milenio ; 9
ট্যাগগুলো: ট্যাগ যুক্ত করুন
কোনো ট্যাগ নেই, প্রথমজন হিসাবে ট্যাগ করুন!

MARC

LEADER 00000nam a22000007i 4500
001 IT\ICCU\UBO\3132571
003 ItRI
005 20260115231959.0
008 070125s1983 mx |||||| ||||| |||||c
020 |a 9686052739 
040 |b ita  |c importazione bologna sebina 
041 7 |a spa  |2 ISO-639-2 
100 1 |a Calva, José Rafael  |0 IT\ICCU\UBOV\066794  |4 aut 
245 1 0 |a Utopia gay /  |c José Rafael Calva. 
260 |a Oaxaca [Mexico] :  |b Oasis,  |c 1984 
300 |a 195 p. ;  |c 21 cm. 
830 0 |a Lecturas del milenio ;  |v 9  |0 IT\ICCU\UBO\3132606 
942 |2 ddc  |c BK  |n 0 
952 |0 0  |1 0  |4 0  |6 DOC_863_440000000000000_CAL  |7 0  |9 18435  |a BO  |b BO  |d 2026-01-15  |i 1680  |l 0  |o DOC 863.44 CAL  |p BO1680  |r 2026-01-15 23:19:59  |w 2026-01-15  |x [Sebina 5] [1 v.]  |y BK  |z 1 v. 
999 |c 15601  |d 15601